Road maintenance handbook : (Record no. 547263)

000 -LEADER
fixed length control field 01346nam a2200265 a 4500
020 ## - INTERNATIONAL STANDARD BOOK NUMBER
International Standard Book Number 3920271025 (pbk.)
082 00 - DEWEY DECIMAL CLASSIFICATION NUMBER
Classification number 625.76
Author Mark ROA
245 00 - TITLE STATEMENT
Title Road maintenance handbook :
Remainder of title practical guidelines for road maintenance in Africa.
250 ## - EDITION STATEMENT
Edition statement 1st ed.
260 ## - PUBLICATION, DISTRIBUTION, ETC.
Place of publication, distribution, etc. [Cologne :
Name of publisher, distributor, etc. Carl Duisberg Gesellschaft on behalf of Bundesminister für Wirtschaftliche Zusammenarbeit, Bonn,
Date of publication, distribution, etc. 1982.
300 ## - PHYSICAL DESCRIPTION
Extent 3 v. :
Other physical details ill. (some col.) ;
Dimensions 19 cm.
500 ## - GENERAL NOTE
General note At head of title: United Nations Economic Commission for Africa.
500 ## - GENERAL NOTE
General note Vol. 2 published by Transport and Road Research Laboratory, Crowthorne, Berkshire, United Kingdom; v. 3 by Ministère de la coopération et du développement, Paris.
505 0# - FORMATTED CONTENTS NOTE
Formatted contents note v. 1. Maintenance of roadside areas, drainage sturctures, and traffic control devices -- v. 2. Unpaved roads -- v. 3. Paved roads.
526 ## - STUDY PROGRAM INFORMATION NOTE
Program name 0
Interest level 0
Reading level 0
Title point value 625_760000000000000_ROA
650 #0 - SUBJECT ADDED ENTRY--TOPICAL TERM
Topical term or geographic name entry element MCE
9 (RLIN) 379
650 #0 - SUBJECT ADDED ENTRY--TOPICAL TERM
Topical term or geographic name entry element Roads
General subdivision Maintenance and repair
-- Handbooks, manuals, etc.
9 (RLIN) 43456
650 #0 - SUBJECT ADDED ENTRY--TOPICAL TERM
Topical term or geographic name entry element Roadside improvement
General subdivision Handbooks, manuals, etc.
9 (RLIN) 43457
650 #0 - SUBJECT ADDED ENTRY--TOPICAL TERM
Topical term or geographic name entry element Traffic signs and signals
General subdivision Maintenance and repair
-- Handbooks, manuals, etc.
9 (RLIN) 43458
710 2# - ADDED ENTRY--CORPORATE NAME
Corporate name or jurisdiction name as entry element France.
9 (RLIN) 43459
710 2# - ADDED ENTRY--CORPORATE NAME
Corporate name or jurisdiction name as entry element Germany (West).
9 (RLIN) 43460
710 2# - ADDED ENTRY--CORPORATE NAME
Corporate name or jurisdiction name as entry element Transport and Road Research Laboratory.
9 (RLIN) 38147
710 2# - ADDED ENTRY--CORPORATE NAME
Corporate name or jurisdiction name as entry element United Nations.
942 ## - ADDED ENTRY ELEMENTS (KOHA)
Source of classification or shelving scheme
Koha item type Book
Holdings
Withdrawn status Lost status Source of classification or shelving scheme Damaged status Not for loan Permanent Location Current Location Date acquired Total Checkouts Full call number Barcode Date last seen Price effective from Koha item type
          Military College of Engineering (MCE) Military College of Engineering (MCE) 07/07/2014   625.76 ROA MCE-43120 07/07/2014 07/07/2014 Book
© 2023 Central Library, National University of Sciences and Technology. All Rights Reserved.